Daňové systémy

Uložené v:
Podrobná bibliografia
Hlavný autor: Lénártová, Gizela
Korporativný autor: Ekonomická univerzita v Bratislave. Fakulta podnikového manažmentu
Ďalší autori: Fetisovová, Elena, Dopiriak, Rastislav
Médium: Kniha
Jazyk:Slovak
Vydavateľské údaje: Bratislava Vydavateľstvo EKONÓM 2015
Vydanie:1. vyd.
Predmet:
Tagy: Pridať tag
Žiadne tagy, Buďte prvý, kto otaguje tento záznam!

MARC

LEADER 00000nam a2200000 4500
001 0198634
005 20240502073345.9
020 |a 978-80-225-4029-2 
041 0 |a slo 
044 |a SK 
245 1 0 |a Daňové systémy  |c Gizela Lénártová ; recenzenti: Elena Fetisovová, Rastislav Dopiriak 
250 |a 1. vyd. 
264 1 |a Bratislava  |b Vydavateľstvo EKONÓM  |c 2015 
300 |a 299 s. [17,89 AH] 
610 2 0 |a dane 
610 2 0 |a systémy daňové 
610 2 0 |a teórie daňové 
610 2 0 |a vývoj 
610 2 0 |a zdaňovanie 
610 2 0 |a asignácia daňová 
610 2 0 |a politika daňová 
610 2 0 |a spravodlivosť daňová 
610 2 0 |a zaťaženie daňové 
610 2 0 |a správanie hospodárske 
610 2 0 |a subjekt 
610 2 0 |a správa finančná 
610 2 0 |a podvody daňové 
610 2 0 |a únik daňový 
610 2 0 |a Slovensko 
610 2 0 |a Európska únia 
100 1 |a Lénártová, Gizela 
700 1 |a Fetisovová, Elena 
700 1 |a Dopiriak, Rastislav 
710 2 |a Ekonomická univerzita v Bratislave. Fakulta podnikového manažmentu